Matt Damon Movies by Picture - Statistics

General Stats
  • This quiz has been taken 85 times
  • The average score is 7 of 16
Answer Stats
Picture Answer % Correct
The Martian
88%
Saving Private Ryan
87%
The Bourne Identity
83%
Good Will Hunting
81%
Interstellar
62%
Le Mans '66
61%
The Talented Mr. Ripley
55%
Oppenheimer
51%
The Departed
38%
Elysium
29%
The Great Wall
23%
The Monuments Men
14%
Mystic Pizza
9%
Contagion
6%
Behind the Candelabra
5%
Green Zone
5%
No matching quizzes found
Score Distribution
Percent of People with Each Score
Percentile by Number Answered
Your Score History
You have not taken this quiz